000 00846cam a2200217 4500
001 X113390
008 000000n2001 000 0 eng u
035 _a(Sirsi) u113390
100 _aWilkinson, H.
245 _aOmission, omission, all fall down?
260 _c2001
490 _aNew Law Journal
_v151(6989) 22 June 2001, 916-917(2)
520 _aConsiders who is liable for the remaining repairs where repairing covenants do not cover the whole property with particular reference to "Holding & Barnes Plc v Hill House Hammond Ltd", although other similar cases are also discussed. Case Law.
650 _aHOLDING & BARNES PLC V HILL HOUSE HAMMOND
650 _aLANDLORDS OBLIGATIONS
650 _aREPAIRING COVENANTS
650 _aREPAIRS
650 _aTENANTS OBLIGATIONS
690 _aLANDLORD AND TENANT-CASE LAW
942 _n0
999 _c67553
_d67553